| 000 | 00781nam a22002297a 4500 | ||
|---|---|---|---|
| 999 |
_c22540 _d22540 |
||
| 003 | AR-CdUCM | ||
| 008 | 190423b ||||| |||| 00| 0 spa d | ||
| 020 | _a9786123210205 | ||
| 040 |
_aMUNICIPALIDAD PROVINCIAL DEL CUSCO _cBIBLIOTECA MUNICIPAL DEL CUSCO |
||
| 082 |
_aEP / 869.56 / E83S _bE83S |
||
| 100 |
_aEslava Calvo, Jorge Pablo _948457 |
||
| 245 |
_aUn superhéroe en casa / _cJorge Eslava ; ilustraciones, Ximena Castro |
||
| 260 |
_aLima : _bLoqueleo, _c2019. |
||
| 300 |
_a46, [1] páginas. : _bilustraciones, _c23 cm. |
||
| 500 | _a"Desde 6 años"--Cubierta | ||
| 650 |
_aCuentos infantiles peruanos _93914 |
||
| 650 |
_aCuentos peruanos _948455 |
||
| 650 |
_aSiglo XX _948458 |
||
| 700 |
_aCastro, Ximena _eilustrador _948459 |
||
| 942 |
_2ddc _cLIBROS |
||
| 945 | _arac | ||